<?xml version="1.0" encoding="UTF-8"?>
<record
    xmlns:xsi="http://www.w3.org/2001/XMLSchema-instance"
    xsi:schemaLocation="http://www.loc.gov/MARC21/slim http://www.loc.gov/standards/marcxml/schema/MARC21slim.xsd"
    xmlns="http://www.loc.gov/MARC21/slim">

  <leader>00263nam a2200097Ia 4500</leader>
  <controlfield tag="001">643103</controlfield>
  <controlfield tag="005">20250826153539.0</controlfield>
  <controlfield tag="008">250824s9999    xx            000 0 und d</controlfield>
  <datafield tag="245" ind1=" " ind2="0">
    <subfield code="a">TAL&#x130;HS&#x130;Z SER 1 K&#xD6;T&#xDC; G&#xDC;NLER BA&#x15E;LARKEN</subfield>
    <subfield code="c">LEMONY SNICKET</subfield>
  </datafield>
  <datafield tag="260" ind1=" " ind2=" ">
    <subfield code="b">DO&#x11E;AN EGMONT</subfield>
  </datafield>
  <datafield tag="999" ind1=" " ind2=" ">
    <subfield code="c">643103</subfield>
    <subfield code="d">643103</subfield>
  </datafield>
  <datafield tag="952" ind1=" " ind2=" ">
    <subfield code="0">0</subfield>
    <subfield code="1">0</subfield>
    <subfield code="4">0</subfield>
    <subfield code="7">0</subfield>
    <subfield code="a">1004</subfield>
    <subfield code="b">1004</subfield>
    <subfield code="d">2025-08-24</subfield>
    <subfield code="l">3</subfield>
    <subfield code="p">1004776</subfield>
    <subfield code="r">2026-03-27 16:12:29</subfield>
    <subfield code="s">2026-03-27</subfield>
    <subfield code="w">2025-08-26</subfield>
    <subfield code="y">BK</subfield>
  </datafield>
</record>
